[Event "II Festival Capo d'Orso"]
[Site "Portomannu - Palau ITA"]
[Date "2008.05.19"]
[Round "3"]
[White "Muhren, Willem"]
[Black "Zoldan, Matteo"]
[Result "0-1"]
[WhiteElo "2240"]
[BlackElo "2208"]
[PlyCount "154"]
[EventDate "2008.05.17"]

1. e4 c5 2. d3 Nc6 3. g3 g6 4. Bg2 Bg7 5. f4 d6 6. Nf3 Nf6 7. O-O O-O 8. h3 Rb8
9. a4 a6 10. g4 b5 11. axb5 axb5 12. Re1 Nd7 13. Nbd2 Bb7 14. Nf1 Ra8 15. Rb1
Ra2 16. Ng3 Qb6 17. c3 b4 18. Be3 Rfa8 19. d4 Na5 20. Bf1 Qc7 21. Bf2 Nb6 22.
Bd3 Na4 23. cxb4 cxb4 24. Re2 Ba6 25. Rc2 Qb7 26. Qe2 b3 27. Rd2 Bxd3 28. Qxd3
Rc8 29. Re2 Nc4 30. Nd2 Nxd2 31. Rxd2 d5 32. e5 Qb4 33. Ne2 Qc4 34. Kf1 Nxb2
35. Qxc4 Nxc4 36. Rxa2 bxa2 37. Ra1 Ra8 38. Nc1 Bh6 39. g5 Bf8 40. Rxa2 Rxa2
41. Nxa2 e6 42. Ke2 h5 43. Be1 Ba3 44. Bb4 Bxb4 45. Nxb4 Kf8 46. Kd3 Ke8 47.
Ke2 Kd7 48. Kd3 Nb6 49. Kc3 Nc8 50. Nc2 Ne7 51. Ne3 Kc6 52. Kb4 Kb6 53. Kc3 Kb5
54. Kd3 Kb4 55. Nd1 Nf5 56. Nc3 Nh4 57. Na2+ Kb3 58. Nc3 Ng2 59. Ne2 Kb4 60.
Kc2 Kc4 61. Kd2 Nh4 62. Nc3 Nf3+ 63. Kc2 Nxd4+ 64. Kd2 Nf3+ 65. Kc2 Ng1 66. Kd2
Nf3+ 67. Kc2 Nd4+ 68. Kd2 Nb3+ 69. Kc2 Nc5 70. Ne2 Ne4 71. h4 d4 72. Nc1 Nc5
73. Kd2 Kd5 74. Ne2 Ke4 75. Kd1 Ke3 76. f5 exf5 77. Ng3 Kf4 0-1

[Event "II Festival Capo d'Orso"]
[Site "Portomannu - Palau ITA"]
[Date "2008.05.19"]
[Round "3"]
[White "Peat, Matthew"]
[Black "Hess, Christian Mathias"]
[Result "1-0"]
[WhiteElo "1681"]
[BlackElo "2281"]
[PlyCount "61"]
[EventDate "2008.05.17"]

1. e4 e6 2. d4 d5 3. Nc3 Nf6 4. e5 Nfd7 5. f4 c5 6. Nf3 Nc6 7. Be3 Be7 8. Qd2
O-O 9. Be2 a6 10. O-O b5 11. a3 Qb6 12. Nd1 a5 13. c3 Ra7 14. dxc5 Bxc5 15. Nd4
Nxd4 16. cxd4 Be7 17. f5 exf5 18. Nc3 Bb7 19. Nxb5 Raa8 20. Rxf5 Rac8 21. Rh5
Qc6 22. Rh3 Nc5 23. Rh6 Ne4 24. Rxc6 Nxd2 25. Rb6 Nb3 26. Rf1 Ba8 27. Bd1 Nc1
28. Bg4 Bd8 29. Bxc8 Ne2+ 30. Kf2 Bxb6 31. Bg4 1-0

[Event "II Festival Capo d'Orso"]
[Site "Portomannu - Palau ITA"]
[Date "2008.05.19"]
[Round "3"]
[White "Puzzoni, Christian"]
[Black "Bieg Pagel, Clemens"]
[Result "1-0"]
[WhiteElo "2114"]
[BlackElo "1988"]
[PlyCount "50"]
[EventDate "2008.05.17"]

1. e4 e6 2. Nf3 c5 3. b4 cxb4 4. d4 Nf6 5. Bd3 b6 6. e5 Nd5 7. a3 Qc7 8. O-O
Ba6 9. Bxa6 Nxa6 10. Qe2 Nb8 11. axb4 Bxb4 12. c4 Nc3 13. Nxc3 Bxc3 14. Ba3 Nc6
15. Bd6 Qd8 16. d5 Ne7 17. Ra3 Ba5 18. Nd4 Nc8 19. Nb5 Nxd6 20. Nxd6+ Kf8 21.
Qh5 g6 22. Qh6+ Ke7 23. Rf3 Qf8 24. Qg5+ f6 25. Rxf6 Bb4 1-0

[Event "II Festival Capo d'Orso"]
[Site "Portomannu - Palau ITA"]
[Date "2008.05.19"]
[Round "3"]
[White "Razzano, Lorenzo"]
[Black "Neri, Enzo"]
[Result "0-1"]
[WhiteElo "1895"]
[BlackElo "2084"]
[PlyCount "76"]
[EventDate "2008.05.17"]

1. e4 c5 2. Nf3 a6 3. d3 e6 4. g3 Ne7 5. Bg2 d5 6. Nbd2 Nec6 7. O-O Be7 8. Re1
O-O 9. e5 Nd7 10. Nf1 Qc7 11. Qe2 Nd4 12. Nxd4 cxd4 13. h4 Bb4 14. Bf4 Bxe1 15.
Rxe1 Qa5 16. Nh2 Qxa2 17. Bc1 Qa5 18. f4 Ra7 19. Nf3 Qc5 20. f5 exf5 21. e6 Nf6
22. exf7+ Rxf7 23. Nxd4 b6 24. c3 Rae7 25. Qf1 Rxe1 26. Qxe1 Re7 27. Qf1 Ng4
28. Bg5 Re8 29. Qf3 Kh8 30. Bd2 Ne5 31. Qf1 a5 32. Kh1 Ba6 33. Qxf5 Bxd3 34.
Qf4 Nc4 35. Bc1 Be4 36. Bxe4 dxe4 37. b3 Nd6 38. Bb2 e3 0-1

[Event "II Festival Capo d'Orso"]
[Site "Portomannu - Palau ITA"]
[Date "2008.05.19"]
[Round "3"]
[White "Rowson, Jonathan"]
[Black "De Vreugt, Dennis"]
[Result "1-0"]
[WhiteElo "2582"]
[BlackElo "2403"]
[PlyCount "81"]
[EventDate "2008.05.17"]

1. e4 c5 2. Nf3 d6 3. d4 cxd4 4. Nxd4 Nf6 5. Nc3 a6 6. Be2 e5 7. Nb3 Be6 8. f4
Qc7 9. f5 Bc4 10. Bg5 Nbd7 11. Bxc4 Qxc4 12. Qd3 Rc8 13. O-O-O b5 14. Rhe1 Be7
15. a3 h6 16. Bxf6 Nxf6 17. Kb1 h5 18. Nc1 h4 19. N1a2 Qxd3 20. Rxd3 Nd7 21.
Nd5 Bd8 22. Ndb4 a5 23. Nd5 Nc5 24. Rc3 a4 25. b4 axb3 26. cxb3 Bg5 27. Re2 O-O
28. b4 Na4 29. Rxc8 Rxc8 30. Rc2 Rxc2 31. Kxc2 g6 32. fxg6 fxg6 33. Nac3 Nxc3
34. Nxc3 Bf4 35. h3 Kf7 36. Nxb5 d5 37. exd5 e4 38. a4 Kf6 39. a5 Ke5 40. a6
Be3 41. d6 1-0

[Event "II Festival Capo d'Orso"]
[Site "Portomannu - Palau ITA"]
[Date "2008.05.19"]
[Round "3"]
[White "Schaefer, Michael"]
[Black "Marin, Mihail"]
[Result "0-1"]
[WhiteElo "2194"]
[BlackElo "2556"]
[PlyCount "62"]
[EventDate "2008.05.17"]

1. d4 Nf6 2. Nf3 g6 3. Bf4 Bg7 4. e3 O-O 5. h3 c5 6. c3 b6 7. Nbd2 Bb7 8. Bh2
d6 9. Bc4 a6 10. a4 Nc6 11. O-O d5 12. Be2 Nd7 13. Nb3 c4 14. Nbd2 b5 15. b4 f6
16. axb5 axb5 17. Rxa8 Qxa8 18. Qc2 Nb6 19. e4 Nxb4 20. cxb4 dxe4 21. Ne1 f5
22. Be5 Nd5 23. Bxc4 bxc4 24. Qxc4 Rc8 25. Qb3 Rc3 26. Qb1 Qa4 27. b5 Bxe5 28.
dxe5 Rc5 29. Qb3 Qxb5 30. Qa2 Qa6 31. Qb2 Qb6 0-1

[Event "II Festival Capo d'Orso"]
[Site "Portomannu - Palau ITA"]
[Date "2008.05.19"]
[Round "3"]
[White "Sprotte, Norbert"]
[Black "Schacht, Holger"]
[Result "1/2-1/2"]
[WhiteElo "2217"]
[BlackElo "2240"]
[PlyCount "39"]
[EventDate "2008.05.17"]

1. Nf3 c5 2. c4 Nc6 3. g3 e6 4. Bg2 d5 5. O-O Nf6 6. b3 Be7 7. Bb2 O-O 8. e3 b6
9. Nc3 Ba6 10. d3 Qd7 11. Qe2 Rad8 12. Rfd1 Rfe8 13. a4 Bf8 14. Nb5 e5 15. Nd2
Bb7 16. Qf1 Qe7 17. Nc3 Nb4 18. Na2 Nc6 19. Nc3 Nb4 20. Na2 1/2-1/2

[Event "II Festival Capo d'Orso"]
[Site "Portomannu - Palau ITA"]
[Date "2008.05.19"]
[Round "3"]
[White "Venturino, Federico"]
[Black "Cardili, Mariano"]
[Result "0-1"]
[WhiteElo "1913"]
[BlackElo "2118"]
[PlyCount "140"]
[EventDate "2008.05.17"]

1. d4 d5 2. c4 c6 3. Nc3 Nf6 4. Bg5 e6 5. e3 Nbd7 6. Nf3 Be7 7. Be2 O-O 8. O-O
b6 9. Rc1 Bb7 10. Qb3 dxc4 11. Qxc4 Nd5 12. Bxe7 Qxe7 13. Qa4 c5 14. Nxd5 Bxd5
15. b3 e5 16. dxc5 Nxc5 17. Qh4 Qxh4 18. Nxh4 a5 19. Nf5 Be6 20. Ne7+ Kh8 21.
Nc6 f6 22. Rfd1 Rfc8 23. Rd6 Bf7 24. Ne7 Re8 25. Nf5 Bg6 26. Nh4 Rab8 27. f3
Kg8 28. e4 Kf8 29. g3 Ke7 30. Rcd1 Red8 31. Rxd8 Rxd8 32. Rxd8 Kxd8 33. Ng2 Kc7
34. Ne3 Bf7 35. Bb5 Nb7 36. Kf2 Nd6 37. Bd3 Kc6 38. Ke2 b5 39. Kd2 b4 40. Kc2
Kc5 41. Kd2 Be6 42. g4 Nb5 43. Bxb5 Kxb5 44. Kd3 Kc5 45. h4 a4 46. bxa4 Bxa2
47. Nf5 Bc4+ 48. Kc2 g6 49. Ne7 Kd6 50. Nc8+ Kc7 51. Ne7 Kd6 52. Nd5 Bxd5 53.
exd5 Kxd5 54. Kb3 Kc5 55. a5 Kb5 56. a6 Kxa6 57. Kxb4 Kb6 58. Kc4 Kc6 59. Kc3
Kd5 60. Kd3 f5 61. gxf5 gxf5 62. Ke3 h5 63. Kd3 f4 64. Ke2 e4 65. fxe4+ Kxe4
66. Kf2 f3 67. Kf1 Kf4 68. Kf2 Kg4 69. Kf1 Kg3 70. Kg1 f2+ 0-1

[Event "II Festival Capo d'Orso"]
[Site "Portomannu - Palau ITA"]
[Date "2008.05.19"]
[Round "3"]
[White "Venturino, Marco"]
[Black "Marani, Luca"]
[Result "1/2-1/2"]
[WhiteElo "2173"]
[BlackElo "1902"]
[PlyCount "131"]
[EventDate "2008.05.17"]

1. d4 d5 2. c4 e6 3. Nf3 Nf6 4. g3 dxc4 5. Bg2 c6 6. Ne5 Bb4+ 7. Bd2 Qxd4 8.
Bxb4 Qxe5 9. Na3 Qc7 10. Nxc4 c5 11. Qd6 Na6 12. Qxc7 Nxc7 13. Bxc5 Nb5 14. a4
Nd7 15. Be3 Nc7 16. Nd6+ Ke7 17. O-O-O Rb8 18. Bxa7 Ra8 19. Bd4 Rxa4 20. Bxg7
Rg8 21. Nxc8+ Rxc8 22. Bxb7 Rb8 23. Bf3 f6 24. Bh6 Ra1+ 25. Kc2 Ra2 26. Rb1 Nb5
27. Kd3 Ne5+ 28. Ke4 Nd6+ 29. Kf4 Ra4+ 30. e4 Nd3+ 31. Ke3 Nxb2 32. Bg2 Rb3+
33. Ke2 Nxe4 34. Bxe4 Rxe4+ 35. Be3 Ra4 36. Rhc1 Kf7 37. Rc2 Ra2 38. h4 Nc4 39.
Rxb3 Rxc2+ 40. Kd3 Nxe3 41. Kxe3 Rc7 42. Kf3 f5 43. Rb8 Kf6 44. Rd8 Rc3+ 45.
Ke2 Rc7 46. Rf8+ Kg7 47. Ra8 Kf6 48. Kf3 Rc3+ 49. Kg2 Rc7 50. f4 Re7 51. Kh3 h5
52. Rg8 Rg7 53. Rh8 Kg6 54. Kg2 Rh7 55. Rd8 Kf6 56. Kf3 Rg7 57. Rf8+ Rf7 58.
Rh8 Kg6 59. Ke3 Rh7 60. Rd8 Kf6 61. Rg8 Rg7 62. Rxg7 Kxg7 63. Kd3 Kf6 64. Kd4
Ke7 65. Ke5 Kf7 66. Kd4 1/2-1/2

[Event "II Festival Capo d'Orso"]
[Site "Portomannu - Palau ITA"]
[Date "2008.05.20"]
[Round "4"]
[White "Bieg Pagel, Clemens"]
[Black "Calandri, Fausto"]
[Result "0-1"]
[WhiteElo "1988"]
[BlackElo "2123"]
[PlyCount "30"]
[EventDate "2008.05.17"]

1. e4 e6 2. d4 d5 3. Nc3 Bb4 4. e5 Ne7 5. a3 Bxc3+ 6. bxc3 c5 7. h4 Qa5 8. Rh3
Nbc6 9. h5 h6 10. Qg4 Rg8 11. Bd2 cxd4 12. cxd4 Qa4 13. Nf3 Qxc2 14. Be2 Qe4
15. Rg3 Nf5 0-1

[Event "II Festival Capo d'Orso"]
[Site "Portomannu - Palau ITA"]
[Date "2008.05.20"]
[Round "4"]
[White "Bove, Alessandro"]
[Black "Djuric, Stefan"]
[Result "0-1"]
[WhiteElo "2215"]
[BlackElo "2460"]
[PlyCount "84"]
[EventDate "2008.05.17"]

1. e4 e5 2. Nf3 Nc6 3. Bb5 a6 4. Ba4 Nf6 5. O-O Be7 6. Re1 b5 7. Bb3 O-O 8. a4
b4 9. d3 d6 10. a5 Bg4 11. c3 Rb8 12. Nbd2 Qc8 13. Qc2 Qb7 14. Bc4 Be6 15. Bxe6
fxe6 16. d4 bxc3 17. bxc3 exd4 18. cxd4 d5 19. Ba3 Bxa3 20. Rxa3 Nb4 21. Qb1
dxe4 22. Nxe4 Nxe4 23. Rxe4 Qd5 24. Rh4 Qf5 25. Qxf5 exf5 26. Ra1 Rb5 27. d5 f4
28. Nd4 Rxd5 29. Ne6 Re8 30. Nxc7 Rxa5 31. Rb1 Re4 32. f3 Rc4 33. Ne6 Nd3 34.
Rg4 g6 35. g3 Rb5 36. Rd1 Rb2 37. Nxf4 Ne5 38. Nd3 Nxf3+ 39. Kf1 Nxh2+ 40. Kg1
Nf3+ 41. Kf1 Rxg4 42. Nxb2 Rxg3 0-1

[Event "II Festival Capo d'Orso"]
[Site "Portomannu - Palau ITA"]
[Date "2008.05.20"]
[Round "4"]
[White "Bruno, Fabio"]
[Black "De Jong, Jan-Willem"]
[Result "1/2-1/2"]
[WhiteElo "2450"]
[BlackElo "2474"]
[PlyCount "43"]
[EventDate "2008.05.17"]

1. Nf3 d5 2. d4 Nf6 3. c4 e6 4. Nc3 dxc4 5. e3 a6 6. a4 c5 7. Bxc4 Nc6 8. O-O
Be7 9. Qe2 cxd4 10. Rd1 e5 11. exd4 exd4 12. Nxd4 Nxd4 13. Qe3 O-O 14. Rxd4 Qc7
15. Qd3 Rd8 16. Bf4 Rxd4 17. Qxd4 Qc5 18. Rd1 Bg4 19. Be2 Qxd4 20. Rxd4 Bxe2
21. Nxe2 Rd8 22. Rxd8+ 1/2-1/2

[Event "II Festival Capo d'Orso"]
[Site "Portomannu - Palau ITA"]
[Date "2008.05.20"]
[Round "4"]
[White "Buratti, Marco"]
[Black "Byron, Alan M."]
[Result "0-1"]
[WhiteElo "2031"]
[BlackElo "2201"]
[PlyCount "62"]
[EventDate "2008.05.17"]

1. e4 c6 2. d4 d5 3. e5 Bf5 4. g4 Bg6 5. h4 h5 6. e6 hxg4 7. Bd3 Bh5 8. Ne2 Nf6
9. Nf4 Qd6 10. Qe2 g6 11. c4 fxe6 12. c5 Qd7 13. Nxe6 Ne4 14. Ng5 g3 15. f3 Nf2
16. Rg1 Nxd3+ 17. Qxd3 Na6 18. Rxg3 e5 19. Be3 O-O-O 20. Na3 exd4 21. Bxd4 Re8+
22. Kd2 Bg7 23. Nc2 Rhf8 24. Re1 Rxe1 25. Nxe1 Rf4 26. Bg1 Bxb2 27. Ng2 Be5 28.
Nh3 Ra4 29. f4 Rxa2+ 30. Ke1 Ra1+ 31. Kf2 Nxc5 0-1

[Event "II Festival Capo d'Orso"]
[Site "Portomannu - Palau ITA"]
[Date "2008.05.20"]
[Round "4"]
[White "Cardili, Mariano"]
[Black "Fragni, Enrico"]
[Result "1/2-1/2"]
[WhiteElo "2118"]
[BlackElo "1709"]
[PlyCount "106"]
[EventDate "2008.05.17"]

1. d4 c6 2. c4 d6 3. Nc3 Nf6 4. e4 Qc7 5. f3 e5 6. d5 a5 7. Be3 Be7 8. Bd3 h6
9. Nge2 Nbd7 10. O-O g5 11. Rc1 Nh5 12. dxc6 bxc6 13. Na4 Nc5 14. Nxc5 dxc5 15.
Ng3 Nxg3 16. hxg3 Be6 17. Qe2 Rd8 18. Rc3 O-O 19. Qf2 Rxd3 20. Rxd3 Bxc4 21.
Rc3 Bxf1 22. Qxf1 Qb6 23. Qc1 Rd8 24. Kh2 f6 25. Bxc5 Bxc5 26. Rxc5 Rd6 27. Qc3
Qb4 28. Qxb4 axb4 29. Rc4 Rd4 30. Rxc6 Kf7 31. Rc2 h5 32. a3 bxa3 33. bxa3 Ra4
34. Rc3 g4 35. Kg1 Rd4 36. Rc7+ Kg6 37. Ra7 Rd3 38. Kf2 Rd2+ 39. Kf1 gxf3 40.
gxf3 Ra2 41. a4 Kg5 42. Ra6 f5 43. exf5 Kxf5 44. Ra5 Kf6 45. f4 exf4 46. gxf4
h4 47. Kg1 h3 48. Kh1 Kg6 49. f5+ Kf6 50. Ra8 Kxf5 51. a5 Kf4 52. a6 Kg3 53.
Rg8+ Kf3 1/2-1/2

[Event "II Festival Capo d'Orso"]
[Site "Portomannu - Palau ITA"]
[Date "2008.05.20"]
[Round "4"]
[White "Ciobanu, Camelia-Adriana"]
[Black "Agrifoglio, Fabio"]
[Result "0-1"]
[WhiteElo "2205"]
[BlackElo "2004"]
[PlyCount "66"]
[EventDate "2008.05.17"]

1. b3 c5 2. Bb2 Nc6 3. f4 Nf6 4. Nf3 d6 5. e3 e6 6. Bd3 Qb6 7. a3 Bd7 8. Nc3 a6
9. Qe2 d5 10. O-O Bd6 11. Kh1 Qc7 12. e4 dxe4 13. Nxe4 Nxe4 14. Qxe4 O-O-O 15.
Bxg7 f5 16. Qe2 Rhg8 17. Bf6 Rdf8 18. Be5 Bxe5 19. fxe5 Rg4 20. Qe3 Nd4 21. Rf2
Bc6 22. Nxd4 cxd4 23. Qh6 Qe7 24. Bc4 Rg6 25. Qf4 b5 26. Be2 Rfg8 27. Bf3 Qb7
28. Bxc6 Qxc6 29. Qf3 Kc7 30. c3 dxc3 31. Rc1 Qxf3 32. gxf3 Kb7 33. Rxc3 Rg1#
0-1

[Event "II Festival Capo d'Orso"]
[Site "Portomannu - Palau ITA"]
[Date "2008.05.20"]
[Round "4"]
[White "De Vreugt, Dennis"]
[Black "Cocchi, Andrea"]
[Result "1-0"]
[WhiteElo "2403"]
[BlackElo "2316"]
[PlyCount "65"]
[EventDate "2008.05.17"]

1. d4 Nf6 2. c4 d6 3. Nc3 Nbd7 4. e4 e5 5. d5 Be7 6. g3 c6 7. Bg2 a6 8. Nge2 h5
9. h3 cxd5 10. exd5 Rb8 11. a3 Nb6 12. b3 Bf5 13. Be3 Nbd7 14. O-O h4 15. g4
Bh7 16. Qd2 Nc5 17. Qa2 O-O 18. b4 Nce4 19. Rac1 Nxc3 20. Nxc3 Nd7 21. Ne4 b6
22. f4 exf4 23. Bxf4 Bxe4 24. Bxe4 Bg5 25. Qd2 Bxf4 26. Qxf4 Qf6 27. Qe3 Qb2
28. Rf2 Qe5 29. Rf5 Qe8 30. Re1 g6 31. Qh6 gxf5 32. Qg5+ Kh8 33. Qxh4+ 1-0

[Event "II Festival Capo d'Orso"]
[Site "Portomannu - Palau ITA"]
[Date "2008.05.20"]
[Round "4"]
[White "Dehmel, Jens"]
[Black "Jones, Alessandro"]
[Result "1-0"]
[WhiteElo "2122"]
[BlackElo "1980"]
[PlyCount "87"]
[EventDate "2008.05.17"]

1. e4 c6 2. d4 d5 3. exd5 cxd5 4. c4 Nf6 5. Nc3 g6 6. Qb3 Bg7 7. cxd5 O-O 8. g3
Nbd7 9. Bg2 Nb6 10. Nge2 e6 11. dxe6 Bxe6 12. Qd1 Qd7 13. O-O Nfd5 14. Be3 Rfe8
15. Nxd5 Nxd5 16. Nc3 Rac8 17. Qd2 Rc4 18. Nxd5 Bxd5 19. Bxd5 Qxd5 20. b3 Rc6
21. Rac1 Rxc1 22. Rxc1 Rd8 23. Rc7 Qe4 24. Qc2 Qf3 25. Rc8 Qd5 26. Qc7 Rf8 27.
Rxf8+ Bxf8 28. Qb8 a6 29. Bh6 Qd6 30. Qxf8+ Qxf8 31. Bxf8 Kxf8 32. Kg2 Ke7 33.
Kf3 Kd6 34. Ke4 f6 35. g4 Ke6 36. d5+ Kd6 37. Kd4 b6 38. f4 h6 39. h4 a5 40. g5
hxg5 41. hxg5 fxg5 42. fxg5 b5 43. a3 a4 44. b4 1-0

[Event "II Festival Capo d'Orso"]
[Site "Portomannu - Palau ITA"]
[Date "2008.05.20"]
[Round "4"]
[White "Del Nevo, Claudio"]
[Black "Haslinger, Stewart G."]
[Result "0-1"]
[WhiteElo "1913"]
[BlackElo "2500"]
[PlyCount "52"]
[EventDate "2008.05.17"]

1. d4 d5 2. Nf3 Nf6 3. Bg5 Ne4 4. Bf4 c5 5. Bxb8 Rxb8 6. c3 Qb6 7. Qb3 c4 8.
Qxb6 axb6 9. Nbd2 Nd6 10. e3 g6 11. Be2 Bg7 12. O-O O-O 13. Bd1 b5 14. Bc2 Bd7
15. a3 Bc6 16. Rfe1 Rfe8 17. Ne5 f6 18. Nxc6 bxc6 19. e4 e5 20. dxe5 fxe5 21.
Rad1 d4 22. cxd4 exd4 23. Nf3 d3 24. e5 dxc2 25. Rxd6 Bh6 26. Nd2 Rxe5 0-1

[Event "II Festival Capo d'Orso"]
[Site "Portomannu - Palau ITA"]
[Date "2008.05.20"]
[Round "4"]
[White "Friedrich, Norbert"]
[Black "Braschi, Giancarlo"]
[Result "1-0"]
[WhiteElo "2323"]
[BlackElo "2082"]
[PlyCount "75"]
[EventDate "2008.05.17"]

1. Nf3 c5 2. c4 Nc6 3. d4 cxd4 4. Nxd4 e6 5. Nc3 Nf6 6. a3 a6 7. g3 Qc7 8. Bg2
Ne5 9. Bf4 d6 10. Rc1 Nxc4 11. Na4 e5 12. Rxc4 Qxc4 13. Nb6 Qxd4 14. Qxd4 exd4
15. Nxa8 h6 16. Nb6 Kd8 17. Nxc8 Kxc8 18. O-O g5 19. Bd2 Kb8 20. Rc1 Bg7 21.
Ba5 Rc8 22. Rxc8+ Kxc8 23. Bb6 Nd7 24. Bh3 d3 25. exd3 Bxb2 26. a4 Bf6 27. Bg4
Bd8 28. Bd4 Kc7 29. Bh5 f6 30. Bf3 Nb8 31. Kg2 Nc6 32. Bc3 b5 33. axb5 axb5 34.
Bd5 Kb6 35. g4 Kc5 36. Ba2 b4 37. Bb2 Ne5 38. d4+ 1-0

[Event "II Festival Capo d'Orso"]
[Site "Portomannu - Palau ITA"]
[Date "2008.05.20"]
[Round "4"]
[White "Garcia Palermo, Carlos Horacio"]
[Black "Weber, Meikel"]
[Result "1-0"]
[WhiteElo "2465"]
[BlackElo "2112"]
[PlyCount "93"]
[EventDate "2008.05.17"]

1. d4 Nf6 2. Nf3 g6 3. g3 Bg7 4. Bg2 O-O 5. O-O d6 6. Re1 Nbd7 7. e4 e5 8. Nc3
a6 9. a4 a5 10. h3 Re8 11. Be3 b6 12. Qd2 Bb7 13. d5 Nc5 14. Bg5 Qd7 15. Bf1
Rf8 16. Kh2 Ba6 17. Bxa6 Rxa6 18. Qe2 Raa8 19. Nd2 Nh5 20. Be3 f5 21. exf5 Rxf5
22. Ra3 Raf8 23. Bxc5 dxc5 24. Nde4 Bh6 25. Rd1 Qf7 26. Kg2 Rf3 27. Rd3 Rxd3
28. Qxd3 c4 29. Qd1 Qf5 30. Ra1 Nf6 31. Qe2 Ne8 32. Qxc4 Qf3+ 33. Kh2 Nd6 34.
Qd3 Qxd3 35. cxd3 Nf5 36. Nb5 Rf7 37. Ra3 Bc1 38. Ra2 Nd4 39. Nxd4 exd4 40. b3
Rf3 41. Rc2 Ba3 42. Rxc7 Rxd3 43. d6 Rxb3 44. Nf6+ Kf8 45. Nxh7+ Ke8 46. Re7+
Kd8 47. Nf6 1-0

[Event "II Festival Capo d'Orso"]
[Site "Portomannu - Palau ITA"]
[Date "2008.05.20"]
[Round "4"]
[White "Godena, Michele"]
[Black "Adrian, Claude"]
[Result "1-0"]
[WhiteElo "2528"]
[BlackElo "2279"]
[PlyCount "63"]
[EventDate "2008.05.17"]

1. e4 c5 2. c3 e6 3. Nf3 Nc6 4. Be2 d5 5. exd5 exd5 6. d4 Bd6 7. dxc5 Bxc5 8.
Nbd2 Nge7 9. Nb3 Bb6 10. O-O O-O 11. Bd3 Ng6 12. Bxg6 hxg6 13. Re1 Bg4 14. Be3
Bxf3 15. Qxf3 Ne5 16. Qd1 Bxe3 17. Rxe3 Nc4 18. Re2 Qd7 19. Nd4 Rfe8 20. h3
Rxe2 21. Qxe2 Re8 22. Qc2 a6 23. Rd1 Qe7 24. Nf3 Ne5 25. Nd4 Nc4 26. Qc1 Qe4
27. b3 Nd6 28. Qd2 Qe7 29. Nf3 Ne4 30. Qe3 Rc8 31. Rxd5 Rxc3 32. Qxe4 1-0

[Event "II Festival Capo d'Orso"]
[Site "Portomannu - Palau ITA"]
[Date "2008.05.20"]
[Round "4"]
[White "Guanciale, Orazio"]
[Black "Barbafiera, Luigi"]
[Result "1-0"]
[WhiteElo "2182"]
[BlackElo "1986"]
[PlyCount "61"]
[EventDate "2008.05.17"]

1. d4 d5 2. Nc3 Nf6 3. Bg5 e6 4. e4 dxe4 5. Nxe4 Be7 6. Bxf6 Bxf6 7. Nf3 Nd7 8.
Qd2 Be7 9. O-O-O Nf6 10. Bd3 c6 11. Qf4 Nxe4 12. Bxe4 Qd6 13. Qe3 Bd7 14. c4 b6
15. c5 bxc5 16. dxc5 Qxc5+ 17. Qxc5 Bxc5 18. Ne5 f6 19. Nxd7 Bxf2 20. b4 Rc8
21. Nc5 e5 22. a3 g6 23. g4 O-O 24. Rhf1 Be3+ 25. Kb1 a5 26. Rd3 Bh6 27. bxa5
Rf7 28. Rd7 Bf8 29. Rxf7 Kxf7 30. Nd7 Be7 31. Nxe5+ 1-0

[Event "II Festival Capo d'Orso"]
[Site "Portomannu - Palau ITA"]
[Date "2008.05.20"]
[Round "4"]
[White "Ibba, Isacco"]
[Black "Ori, Marco"]
[Result "1-0"]
[WhiteElo "2222"]
[BlackElo "2141"]
[PlyCount "73"]
[EventDate "2008.05.17"]

1. f4 d5 2. d3 g6 3. Nf3 Bg7 4. g3 Nf6 5. Bg2 c5 6. O-O Nc6 7. Nbd2 O-O 8. c3
b6 9. e4 dxe4 10. dxe4 e5 11. Nc4 exf4 12. e5 Nh5 13. Nfd2 fxg3 14. Bxc6 gxh2+
15. Kxh2 Qh4+ 16. Kg1 Qg3+ 17. Bg2 Bb7 18. Qe2 b5 19. Nd6 Bxe5 20. Nxb7 Qh2+
21. Kf2 Qh4+ 22. Ke3 c4 23. Qf3 Rae8 24. Ke2 Ng3+ 25. Kd1 Nxf1 26. Nxf1 Bg7 27.
Be3 b4 28. Kc2 bxc3 29. bxc3 Qe7 30. Bc5 Qe2+ 31. Nd2 Bh6 32. Rd1 Bxd2 33. Rxd2
Qe1 34. Qf1 Qe6 35. Bd5 Qa6 36. Qxc4 Rc8 37. Qxa6 1-0

[Event "II Festival Capo d'Orso"]
[Site "Portomannu - Palau ITA"]
[Date "2008.05.20"]
[Round "4"]
[White "Klings, Peter"]
[Black "Procacci, Sergio"]
[Result "1-0"]
[WhiteElo "2173"]
[BlackElo "2000"]
[PlyCount "103"]
[EventDate "2008.05.17"]

1. e4 d6 2. d4 Nf6 3. Nc3 g6 4. Nf3 Bg7 5. h3 c6 6. a4 Na6 7. Be3 Qa5 8. Nd2
Nb4 9. Be2 O-O 10. O-O e5 11. Nc4 Qc7 12. dxe5 dxe5 13. Bc5 Rd8 14. Bd6 Rxd6
15. Qxd6 Qxd6 16. Nxd6 Nxc2 17. Rac1 Nd4 18. Bc4 Be6 19. Bxe6 fxe6 20. Nxb7 Rb8
21. Nc5 Rxb2 22. Rb1 Rc2 23. Rfc1 Rxc3 24. Rb8+ Bf8 25. Rxc3 Ne2+ 26. Kf1 Nxc3
27. Nxe6 Nd7 28. Rd8 Kf7 29. Nxf8 Nxf8 30. Ra8 Nd7 31. Rxa7 Ke6 32. a5 Na4 33.
a6 Nab6 34. Rb7 c5 35. a7 Na8 36. Ke2 c4 37. Kd2 h5 38. h4 Ndb6 39. g3 Kd6 40.
Rg7 Kc5 41. Rxg6 Kb4 42. Kc2 c3 43. Rg8 Nc7 44. Rb8 Kc5 45. Kxc3 Nb5+ 46. Kd3
Nxa7 47. Rh8 Nc6 48. Rxh5 Nc4 49. Rh7 Nb4+ 50. Ke2 Nd6 51. h5 Ne8 52. h6 1-0

[Event "II Festival Capo d'Orso"]
[Site "Portomannu - Palau ITA"]
[Date "2008.05.20"]
[Round "4"]
[White "Marin, Mihail"]
[Black "Korneev, Oleg"]
[Result "1/2-1/2"]
[WhiteElo "2556"]
[BlackElo "2651"]
[PlyCount "36"]
[EventDate "2008.05.17"]

1. c4 e5 2. g3 Nc6 3. Nc3 Nf6 4. Nf3 Bc5 5. Bg2 d6 6. d3 O-O 7. O-O a6 8. a3
Nd4 9. Ne1 h6 10. b4 Ba7 11. e3 Bg4 12. f3 Bd7 13. a4 c6 14. a5 Re8 15. Kh1 Nf5
16. Nc2 d5 17. e4 Nd4 18. c5 Nb3 1/2-1/2

[Event "II Festival Capo d'Orso"]
[Site "Portomannu - Palau ITA"]
[Date "2008.05.20"]
[Round "4"]
[White "Miotto, Alessandro"]
[Black "Mascellani, Marco"]
[Result "0-1"]
[WhiteElo "2072"]
[BlackElo "2309"]
[PlyCount "154"]
[EventDate "2008.05.17"]

1. e4 c5 2. Nf3 d6 3. Bb5+ Bd7 4. Bxd7+ Qxd7 5. O-O Nc6 6. c3 d5 7. exd5 Qxd5
8. Qb3 O-O-O 9. d4 e6 10. Qxd5 Rxd5 11. Be3 cxd4 12. Nxd4 Nxd4 13. cxd4 b6 14.
Nc3 Rd7 15. Rac1 Kb7 16. Ne4 Ne7 17. Rc4 Nd5 18. Rfc1 Bd6 19. Nxd6+ Rxd6 20.
Kf1 Rhd8 21. Ke2 h6 22. a4 R6d7 23. Kf3 Rc7 24. Rxc7+ Nxc7 25. Ke4 Nd5 26. Rc4
Rd7 27. b3 a6 28. Bd2 Nf6+ 29. Kf3 b5 30. axb5 axb5 31. Rc5 Rxd4 32. Rxb5+ Kc6
33. Be3 Rd3 34. Rc5+ Kd6 35. Rb5 Nd5 36. Rb7 f5 37. Ke2 Rc3 38. Bd4 Nf4+ 39.
Ke1 Rd3 40. Bxg7 Nxg2+ 41. Kf1 Nf4 42. Ke1 Rh3 43. Bf8+ Kc6 44. Rh7 h5 45. Bh6
Nd5 46. Bd2 Rxh2 47. Ke2 Rh1 48. Rh6 Kd6 49. b4 h4 50. b5 h3 51. Kf3 Rb1 52.
Bf4+ Nxf4 53. Kxf4 Rxb5 54. Kg3 Rb3+ 55. f3 Kd5 56. Rxh3 e5 57. Rh5 f4+ 58. Kf2
Rb2+ 59. Ke1 Kd4 60. Rf5 Ra2 61. Kf1 Rb2 62. Ke1 Ke3 63. Rxe5+ Kxf3 64. Rg5
Rb1+ 65. Kd2 Kf2 66. Rg8 Rb7 67. Rd8 Re7 68. Rd4 Re2+ 69. Kd3 f3 70. Rf4 Kg2
71. Rf8 Re1 72. Rg8+ Kh3 73. Rh8+ Kg2 74. Rg8+ Kf1 75. Rg7 f2 76. Kd2 Re4 77.
Kd3 Ke1 0-1

[Event "II Festival Capo d'Orso"]
[Site "Portomannu - Palau ITA"]
[Date "2008.05.20"]
[Round "4"]
[White "Mogranzini, Roberto"]
[Black "Peat, Matthew"]
[Result "1-0"]
[WhiteElo "2418"]
[BlackElo "1681"]
[PlyCount "57"]
[EventDate "2008.05.17"]

1. e4 e5 2. Nf3 Nc6 3. Bb5 Nd4 4. Nxd4 exd4 5. Bc4 h5 6. d3 Bc5 7. Nd2 c6 8.
O-O d5 9. exd5 cxd5 10. Re1+ Ne7 11. Bb5+ Kf8 12. Nf3 Qa5 13. c4 dxc3 14. Ba4
Bg4 15. Bb3 Bd4 16. Bf4 cxb2 17. Rb1 Qc5 18. Qe2 a5 19. Bg5 f6 20. Nxd4 Bxe2
21. Ne6+ Kf7 22. Nxc5 b6 23. Be3 bxc5 24. Rxe2 a4 25. Bxc5 axb3 26. Rxe7+ Kg6
27. axb3 Ra1 28. Ree1 Rha8 29. Bd4 1-0